000 00329nam a2200145Ia 4500
003 OSt
005 20231221105117.0
008 170523s9999 xx 000 0 und d
020 _a8120321251
040 _cIIMT UNIVERSITY, MEERUT
100 _aSOLMON- MICHAEL
245 0 _aCONSUMER BEHAVIOUR
260 _bPHI
942 _2ddc
_c02
999 _c1428
_d1428